| 000 -LEADER |
| fixed length control field |
01259nam a2200349 a 4500 |
| 001 - CONTROL NUMBER |
| control field |
30480301 |
| 003 - CONTROL NUMBER IDENTIFIER |
| control field |
OSt |
| 005 - DATE AND TIME OF LATEST TRANSACTION |
| control field |
20210416063822.0 |
| 008 - FIXED-LENGTH DATA ELEMENTS--GENERAL INFORMATION |
| fixed length control field |
980429n1994 xx u001 0 eng u |
| 010 ## - LIBRARY OF CONGRESS CONTROL NUMBER |
| LC control number |
94186079 |
| 020 ## - INTERNATIONAL STANDARD BOOK NUMBER |
| International Standard Book Number |
0881351873 |
| 025 ## - OVERSEAS ACQUISITION NUMBER |
| Overseas acquisition number |
000000083138 |
| 040 ## - CATALOGING SOURCE |
| Original cataloging agency |
MBCo |
| Transcribing agency |
DLC |
| Modifying agency |
NLM |
| -- |
SMI |
| 042 ## - AUTHENTICATION CODE |
| Authentication code |
lccopycat |
| 043 ## - GEOGRAPHIC AREA CODE |
| Geographic area code |
n-us--- |
| 049 ## - LOCAL HOLDINGS (OCLC) |
| Holding library |
YYEA |
| 080 ## - UNIVERSAL DECIMAL CLASSIFICATION NUMBER |
| Universal Decimal Classification number |
94 |
| Item number |
C-46 |
| 096 ## - LOCALLY ASSIGNED NLM-TYPE CALL NUMBER (OCLC) |
| Classification number |
WZ 100 B598C 1994 |
| 100 1# - MAIN ENTRY--PERSONAL NAME |
| Personal name |
Chapman, Carleton B. |
| 245 10 - TITLE STATEMENT |
| Title |
Order out of chaos : |
| Remainder of title |
John Shaw Billings and America's coming of age / |
| Statement of responsibility, etc. |
Carleton B. Chapman. |
| 260 ## - PUBLICATION, DISTRIBUTION, ETC. |
| Place of publication, distribution, etc. |
Boston : |
| Name of publisher, distributor, etc. |
Boston Medical Library in the Francis A. Countway Library of Medicine ; |
| Place of publication, distribution, etc. |
Canton, Mass. : |
| Name of publisher, distributor, etc. |
Sole distributor, Science History Publications/USA, |
| Date of publication, distribution, etc. |
1994. |
| 300 ## - PHYSICAL DESCRIPTION |
| Extent |
xvi, 420 p. : |
| Other physical details |
ill., ports. ; |
| Dimensions |
24 cm. |
| 504 ## - BIBLIOGRAPHY, ETC. NOTE |
| Bibliography, etc. note |
Includes bibliographical references (p. [345]-400) and index. |
| 590 ## - LOCAL NOTE (RLIN) |
| Local note |
c. 1 950254 8/19/94 Watson $33. |
| 650 #2 - SUBJECT ADDED ENTRY--TOPICAL TERM |
| Topical term or geographic name entry element |
National Library of Medicine (U.S.) |
| General subdivision |
history. |
| 650 #2 - SUBJECT ADDED ENTRY--TOPICAL TERM |
| Topical term or geographic name entry element |
Physicians |
| Form subdivision |
Biography. |
| 653 ## - INDEX TERM--UNCONTROLLED |
| Uncontrolled term |
ისტორია, ბიოგრაფია |
| 700 1# - ADDED ENTRY--PERSONAL NAME |
| Personal name |
Billings, John Shaw, |
| Dates associated with a name |
1838-1913. |
| 710 2# - ADDED ENTRY--CORPORATE NAME |
| Corporate name or jurisdiction name as entry element |
Francis A. Countway Library of Medicine. |
| 710 2# - ADDED ENTRY--CORPORATE NAME |
| Corporate name or jurisdiction name as entry element |
Boston Medical Library. |
| 942 ## - ADDED ENTRY ELEMENTS (KOHA) |
| Source of classification or shelving scheme |
|
| Koha item type |
Books |